| 000 -LEADER |
| fixed length control field |
00754cam a2200241 a 4500 |
| 001 - CONTROL NUMBER |
| control field |
3106387 |
| 005 - DATE AND TIME OF LATEST TRANSACTION |
| control field |
20180111051050.0 |
| 008 - FIXED-LENGTH DATA ELEMENTS--GENERAL INFORMATION |
| fixed length control field |
990423s1999 nyua 001 0 eng d |
| 010 ## - LIBRARY OF CONGRESS CONTROL NUMBER |
| LC control number |
99216577 |
| 020 ## - INTERNATIONAL STANDARD BOOK NUMBER |
| International Standard Book Number |
1564202224 |
| 035 ## - SYSTEM CONTROL NUMBER |
| System control number |
(OCoLC)41242859 |
| 040 ## - CATALOGING SOURCE |
| Original cataloging agency |
Ar |
| Transcribing agency |
Ar |
| Modifying agency |
DLC |
| 041 ## - LANGUAGE CODE |
| Language code of text/sound track or separate title |
eng |
| 080 ## - UNIVERSAL DECIMAL CLASSIFICATION NUMBER |
| Universal Decimal Classification number |
428.24 ZWI |
| 082 00 - DEWEY DECIMAL CLASSIFICATION NUMBER |
| Classification number |
428.24 ZWI |
| Edition number |
21 |
| 100 1# - Rafti |
| Rafti |
46 |
| 101 ## - Shkurtesa |
| Shkurtesa |
EDU |
| 245 10 - TITLE STATEMENT |
| Title |
English for everyday activities : |
| Statement of responsibility, etc |
Lawrence J. Zwier ; [illustrations, Nozumi Kudo]. |
| 906 ## - LOCAL DATA ELEMENT F, LDF (RLIN) |
| a |
7 |
| b |
cbc |
| c |
copycat |
| d |
2 |
| e |
ncip |
| f |
19 |
| g |
y-gencatlg |
| 942 ## - ADDED ENTRY ELEMENTS (KOHA) |
| Source of classification or shelving scheme |
|
| Item type |
Books |